000 00891 a2200205 4500
003 Nust
005 20221227092121.0
010 _a 80051729
020 _a0895266725 :
040 _cNust
082 0 0 _a355,BEI
100 1 _aBeilenson, Laurence W.,
_9105998
245 1 0 _aSurvival and peace in the nuclear age /
_cLaurence W. Beilenson.
260 _aChicago :
_bRegnery/Gateway,
_cc1980.
300 _aix, 169 p. ;
_c22 cm.
505 _aThe Survive as a Free People (Page-1), Is Nuclear War Likely? (Page-15), Shelter And Shield (Page-35), Supposed Tools of Peace (Page-61), SALT or the Sheathed Nuclear Sword (Page-77), The Unlearned Lesson of Vietnam (Page-95), The Double Pronged Conflict (Page-125), The Fourth of July Tool (Page-141).
651 0 _aUnited States
_xForeign relations
_y1977-1981.
_994939
651 0 _aUnited States
_xMilitary policy.
942 _2ddc
_cBK
_k355,BEI
999 _c184700
_d184700